Sports Quiz

Random Sports or Baseball Quiz

Washington Nationals runs leaders Quiz Stats

Quiz not verified by Sporcle

Challenge
Share
Tweet
Embed
Score 0/11 Timer 02:00
0 Plays Today
Years Answer % Correct
1979-1990, 2001Tim Raines
92.2%
1976-1986Andre Dawson
90.6%
2005-2016Ryan Zimmerman
90.6%
1996-2003Vladimir Guerrero
90.6%
1974-1984, 1992Gary Carter
85.9%
1980-1992Tim Wallach
78.1%
1997-2006Jose Vidro
62.5%
2009-2015Ian Desmond
57.1%
1989-1994Marquis Grissom
53.1%
1985-1991, 2002Andres Galarraga
51.6%
1974, 1976-1983Warren Cromartie
45.3%

You're not logged in!

Compare scores with friends on all Sporcle quizzes.
Join for Free
OR
Log In

Show Comments

Extras

Top Quizzes Today


Score Distribution

Your Account Isn't Verified!

In order to create a playlist on Sporcle, you need to verify the email address you used during registration. Go to your Sporcle Settings to finish the process.

Report this User

Report this user for behavior that violates our Community Guidelines.

Details: